Estudio sobre la vegetación forestal de la provincia de Cádiz : (Record no. 44462)
[ view plain ]
| 000 -LEADER | |
|---|---|
| campo de control de longitud fija | 00997nam a2200229 i 4500 |
| 001 - NÚMERO DE CONTROL | |
| campo de control | 44462 |
| 003 - IDENTIFICADOR DE NÚMERO DE CONTROL | |
| campo de control | ES-MaACL |
| 005 - FECHA Y HORA DE LA ÚLTIMA TRANSACCIÓN | |
| campo de control | 20250820063030.0 |
| 007 - CAMPO FIJO DE DESCRIPCIÓN FÍSICA--INFORMACIÓN GENERAL | |
| campo de control de longitud fija | t| |
| 008 - DATOS DE LONGITUD FIJA--INFORMACIÓN GENERAL | |
| campo de control de longitud fija | 030321s1930 sp ||||1| spa d |
| 100 1# - ENTRADA PRINCIPAL--NOMBRE DE PERSONA | |
| Nombre de persona | Ceballos y Fernández de Córdoba, Luis, |
| Fechas asociadas al nombre | 1896-1967 |
| 9 (RLIN) | 37284 |
| 245 10 - MENCIÓN DEL TÍTULO | |
| Título | Estudio sobre la vegetación forestal de la provincia de Cádiz : |
| Resto del título | complemento al mapa forestal de la misma / |
| Mención de responsabilidad, etc. | por Luis Ceballos y Manuel Martín Bolaños ; prólogo de Eladio Romero. |
| 260 ## - PUBLICACIÓN, DISTRIBUCIÓN, ETC. | |
| Lugar de publicación, distribución, etc. | Madrid : |
| Nombre del editor, distribuidor, etc. | Instituto Forestal de Investigaciones y Experiencias, |
| Fecha de publicación, distribución, etc. | 1930 ( |
| Fabricante | Tip. Artística) |
| 300 ## - DESCRIPCIÓN FÍSICA | |
| Extensión | XVIII, 353 p., 18 lám., 1 gráf. pleg., 5 map. ; |
| Dimensiones | 27 cm. |
| 500 ## - NOTA GENERAL | |
| Nota general | Contiene: Mapa forestal de la provincia de Cádiz. |
| 650 #4 - PUNTO DE ACCESO ADICIONAL DE MATERIA--TÉRMINO DE MATERIA | |
| Término de materia o nombre geográfico como elemento de entrada | Bosques- |
| Subdivisión geográfica | Cádiz. |
| 9 (RLIN) | 167269 |
| 700 1# - ENTRADA AGREGADA--NOMBRE PERSONAL | |
| Nombre de persona | Martín Bolaños, Manuel. |
| 9 (RLIN) | 77421 |
| 700 1# - ENTRADA AGREGADA--NOMBRE PERSONAL | |
| Nombre de persona | Romero, Eladio. |
| 9 (RLIN) | 99316 |
| 710 2# - ENTRADA AGREGADA--NOMBRE DE ENTIDAD CORPORATIVA | |
| Nombre de entidad corporativa o nombre de jurisdicción como elemento de entrada | Instituto Forestal de Investigaciones y Experiencias. |
| 9 (RLIN) | 5059 |
| 852 ## - LOCALIZACIÓN | |
| Ubicación | ES-MaACL |
| Número de control de estantería | B-12065 |
| Estatus retirado | Estado de pérdida | Estado de daño | No para préstamo | Biblioteca de origen | Biblioteca actual | Ubicación en estantería | Fecha de adquisición | Fuente de adquisición | Total de préstamos | Signatura topográfica completa | Código de barras | Visto por última vez | Precio de reemplazo | Tipo de ítem Koha |
|---|---|---|---|---|---|---|---|---|---|---|---|---|---|---|
| Biblioteca del Ateneo de Madrid | Biblioteca del Ateneo de Madrid | Sala Pardo Bazán | 17/01/2008 | B-12065 | 1046791 | 23/02/2023 | 23/02/2023 | Libro impreso |
